<?xml version="1.0" encoding="UTF-8"?>
<record
    xmlns:xsi="http://www.w3.org/2001/XMLSchema-instance"
    xsi:schemaLocation="http://www.loc.gov/MARC21/slim http://www.loc.gov/standards/marcxml/schema/MARC21slim.xsd"
    xmlns="http://www.loc.gov/MARC21/slim">

  <leader>01525nam a22002777a 4500</leader>
  <controlfield tag="001">8788</controlfield>
  <controlfield tag="003">FISKH</controlfield>
  <controlfield tag="005">20251020161005.0</controlfield>
  <controlfield tag="008">251020b        cb ||||| |||| 00| 0 eng d</controlfield>
  <datafield tag="020" ind1=" " ind2=" ">
    <subfield code="a">9780448484105</subfield>
  </datafield>
  <datafield tag="040" ind1=" " ind2=" ">
    <subfield code="a">FISKH</subfield>
    <subfield code="b">eng</subfield>
    <subfield code="c">FISKH</subfield>
    <subfield code="d">FISKH</subfield>
  </datafield>
  <datafield tag="050" ind1=" " ind2=" ">
    <subfield code="a">ML3930.J25 S75</subfield>
  </datafield>
  <datafield tag="082" ind1=" " ind2=" ">
    <subfield code="a">782.42166092</subfield>
  </datafield>
  <datafield tag="100" ind1=" " ind2=" ">
    <subfield code="a">Stine, Megan </subfield>
  </datafield>
  <datafield tag="245" ind1=" " ind2=" ">
    <subfield code="a">Who was Michael Jackson? /</subfield>
    <subfield code="c">by Megan Stine ; illustrated by Joseph J. M. Qiu </subfield>
  </datafield>
  <datafield tag="260" ind1=" " ind2=" ">
    <subfield code="a">New York ; </subfield>
    <subfield code="b">Grosset &amp; Dunlap, </subfield>
    <subfield code="c">2015.</subfield>
  </datafield>
  <datafield tag="300" ind1=" " ind2=" ">
    <subfield code="a">104 pages :  </subfield>
    <subfield code="b">illustrations ; </subfield>
    <subfield code="c">20 cm</subfield>
  </datafield>
  <datafield tag="505" ind1=" " ind2=" ">
    <subfield code="a">Q
</subfield>
  </datafield>
  <datafield tag="520" ind1=" " ind2=" ">
    <subfield code="a">Biography &amp; Autobiography. Juvenile Nonfiction. Music. Performing Arts. Born in Gary, Indiana, on August 29, 1958, Michael Jackson was definitely not a regular kid. A superstar with The Jackson 5 before he was eight years old, he became the King of Pop as a solo artist. Michael was a creative&#xFFFD;yet deeply troubled&#x97;genius who always remained devoted to his art right up until his death is 2009 before a much anticipated tour. He had a pitch-perfect voice and footwork that his idol Fred Astaire admired. Who will ever forget the Moonwalk? Kids today who only know Jackson through video performances are nevertheless fascinated by him. Megan Stine provides a sensitive, fair-minded depiction of this unique music legend.</subfield>
  </datafield>
  <datafield tag="521" ind1="8" ind2=" ">
    <subfield code="a">660
</subfield>
    <subfield code="b">Lexile estimate
</subfield>
  </datafield>
  <datafield tag="521" ind1="8" ind2=" ">
    <subfield code="a">Q
</subfield>
    <subfield code="b">Raz-Plus
</subfield>
  </datafield>
  <datafield tag="650" ind1=" " ind2=" ">
    <subfield code="a"> The Jacksons</subfield>
    <subfield code="v"> Nonfiction: Who Was...? Series</subfield>
  </datafield>
  <datafield tag="700" ind1=" " ind2=" ">
    <subfield code="a">Qiu, Joseph J. M. </subfield>
    <subfield code="e">illustrator </subfield>
  </datafield>
  <datafield tag="942" ind1=" " ind2=" ">
    <subfield code="2">ddc</subfield>
    <subfield code="c">BK</subfield>
    <subfield code="n">0</subfield>
  </datafield>
  <datafield tag="999" ind1=" " ind2=" ">
    <subfield code="c">8788</subfield>
    <subfield code="d">8788</subfield>
  </datafield>
  <datafield tag="952" ind1=" " ind2=" ">
    <subfield code="0">0</subfield>
    <subfield code="1">0</subfield>
    <subfield code="2">ddc</subfield>
    <subfield code="4">0</subfield>
    <subfield code="7">0</subfield>
    <subfield code="8">NFIC</subfield>
    <subfield code="a">001</subfield>
    <subfield code="b">001</subfield>
    <subfield code="c">TK Orange</subfield>
    <subfield code="d">2025-10-20</subfield>
    <subfield code="l">1</subfield>
    <subfield code="o">STI 782.42166092 ML3930.J25 S75 </subfield>
    <subfield code="p">2025-4685</subfield>
    <subfield code="q">2025-12-23</subfield>
    <subfield code="r">2025-12-09 11:55:14</subfield>
    <subfield code="s">2025-12-09</subfield>
    <subfield code="t">1</subfield>
    <subfield code="w">2025-10-20</subfield>
    <subfield code="y">BK</subfield>
  </datafield>
</record>
